00413nam a2200157Ia 450000500170000000800460001703700120006304000200007504100130009508400200010810000300012824500520015826000210021030000110023136500130024220250923144315.0008 250917s9999 xx 000 0 eng d aTextual aDSWLbengcDSWL aeng2eng aQ6:33, H6qDSWL aKumarppa, J.C  0aPractice and precepts of Jusescby J.C Kumarppa aAhmedabad c1946 a112 p. aINRb1.8